Guess the Geometry Dash Level Songs [GD] - Statistics

General Stats
  • This quiz has been taken 148 times
  • The average score is 17 of 50
Answer Stats
Hint Answer % Correct
Bloodbath At the Speed of Light
93%
Silent Clubstep, Silent Club, Tartarus, etc Clubstep
83%
Every End Every End
72%
Nine Circles Nine Circles
68%
Acheron Thermodynamix
66%
ISpyWithMyLittleEye BIKE
59%
The Nightmare Polargeist
59%
Nullscapes Flow
57%
Tidal Wave Shiawase VIP
56%
Slaughterhouse Lost
53%
B Beep Beep
52%
Black Blizzard Dimension
52%
Zodiac Sphere
52%
Thinking Space II, Six Paths of Pain Nuke Powder
49%
Amethyst Ricochet Love
48%
Anathema I Cant Fix You
44%
Kyouki Crazy
40%
Firework Classical VIP
37%
Avernus Dark Dragon Fire
34%
Acropolis Final Battle
34%
Skeleton Shenanigans Slash Inferno
34%
KOCMOC KOCMOC
33%
The Golden Thunderzone V2
33%
Falling Up Time Leaper
33%
VSC Stalker
32%
Artificial Ascent Surface
31%
Congregation Purgatori
30%
Windy Landscape Windfall
29%
Spectre In Circles
26%
Kenos Sakupen Hell Yes
24%
ReTray Golden Haze
23%
Athanatos The Falling Mysts
23%
Sunset Sandstorm Outlaw
18%
The Ultimate Phase The Final Phase
18%
Erebus Event Horizon
17%
Cosmic Cyclone Hydra
16%
Dear Nostalgists Okiba Crackdown
16%
Aeternus Rip and Tear
16%
The Creator 10000
14%
The Challenge Random Song 06
11%
StarQuake Stereo Madness
11%
Crimson Clutter Sweet Dreams
11%
Ultra Violence Powersound
10%
Generation Retro Glitch Gremlin
8%
Final Destination Her Name Is
8%
Misanthrope Solace of Oblivion
7%
Tax Evasion Dark Matter
6%
Singularity (the impossible one) Robotic Nightmares
6%
Waterfall NHEN
3%
CoSR Showdown
3%
No matching quizzes found
Score Distribution
Percent of People with Each Score
Percentile by Number Answered
Your Score History
You have not taken this quiz